| 000 | 00481 a2200157 4500 | ||
|---|---|---|---|
| 020 | _a9780195771145 | ||
| 082 | _a945.9 | ||
| 090 |
_c1219 _d1219 |
||
| 100 | _aKhalid B. Sayeed | ||
| 245 |
_aPakistan, the formative phase, 1857-1948 _cKhalid B. Sayeed |
||
| 260 |
_aNew York : , . _bOxford University Press _c1968 |
||
| 300 |
_aix, 341 p. _c 23 cm. |
||
| 500 | _aIncludes Index | ||
| 650 | _a1.Muslims--India.2.Pakistan--History.3.Pakistan--Politics and government | ||
| 942 | _cBK | ||
| 999 |
_c482011 _d482011 |
||